000
00217nam a22000857a 4500
008
160628b xxu||||| |||| 00| 0 eng d
100
_9
1271
_a
Majumdar, L
245
_a
Mother Teresa
260
_a
N.D
_b
National Book Trust
_c
1998
999
_c
1040
_d
1040